Peru Copa América Squad - Statistics

General Stats
  • This quiz has been taken 53 times
  • The average score is 20 of 27
Answer Stats
# Position Player Name % Correct
1 GK Pedro Gallese
91%
17 DF Luis Advíncula
88%
9 FW Paolo Guerrero
88%
10 MF Christian Cueva
85%
14 FW Gianluca Lapadula
85%
5 DF Carlos Zambrano
82%
15 DF Miguel Araujo
82%
4 DF Anderson Santamaría
79%
11 FW Bryan Reyna
79%
12 GK Carlos Cáceda
79%
23 MF Piero Quispe
79%
18 FW André Carrillo
76%
20 FW Edison Flores
76%
6 DF Marco López
76%
19 DF Oliver Sonne
76%
8 MF Sergio Peña
76%
3 DF Aldo Corzo
74%
- Coach Jorge Fossati
74%
7 FW Andy Polo
71%
2 DF Luis Abram
71%
22 DF Alexander Callens
65%
25 FW Joao Grimaldo
65%
16 MF Wilder Cartagena
65%
21 GK Diego Romero
59%
13 MF Jesús Castillo
53%
26 FW Franco Zanelatto
47%
24 FW José RIvera
41%
No matching quizzes found
Score Distribution
Percent of People with Each Score
Percentile by Number Answered
Your Score History
You have not taken this quiz